000
00236nam a22000857a 4500
008
161026b xxu||||| |||| 00| 0 eng d
100
_9
957
_a
Frank.A.
245
_a
The Diary of the Young Girl
260
_a
New Delhi
_b
Three Ess Publications
_c
2012
999
_c
3612
_d
3612